000 00698cam a2200241 4500
999 _c5210
_d5210
001 2195433
003 GBCCL
005 20241126110535.0
008 730425s1973 nju 000 0 eng
010 _a 73006921
020 _a0800782658
040 _aDLC
_cDLC
_dDLC
050 0 0 _aBV4501.2
_b.S753
082 0 0 _a248.4876
_bSTE
100 1 _aSteere, Daniel C.
_99376
245 1 0 _aI am, I can
_c[by] Daniel C. Steere.
260 _aOld Tappan, N.J.,
_bRevell
_c[1973]
300 _a127 p.
_c21 cm.
650 0 _aChristian life
_xMethodist authors.
_96312
650 0 _aSuccess
_xReligious aspects
_xChristianity.
_9684
906 _a7
_bcbc
_corignew
_d1
_eocip
_f19
_gy-gencatlg
942 _2ddc
_cBK
_02